| 000 | 00970nam a2200229 a 4500 | ||
|---|---|---|---|
| 001 | 41183 | ||
| 003 | BD-RjUL | ||
| 005 | 20211209053337.0 | ||
| 008 | 160516s1968 bg ||||| |||| 00| 0 ben d | ||
| 020 | _c: PRs 4.50 | ||
| 035 | _a(BD-RjUL)41299 | ||
| 040 |
_aBD-RjUL _bben _cBD-RjUL |
||
| 041 | _aben | ||
| 082 |
_223 _a297.12541 _bHOI 1968 |
||
| 100 | 1 |
_aবাসুদেবপুরী, আবুল কাসিম মুহম্মদ হুসয়ন _9126689 |
|
| 245 | 1 | 0 |
_aইমাম বুখারী / _c আবুল কাসিম মুহম্মদ হুসয়ন বাসুদেবপুরী |
| 260 |
_aঢাকা : _bবাংলা একাডেমী, _c১৯৬৮ |
||
| 300 |
_a[১৬], ১৭৪ পৃ. ; _c২১ সেমি. |
||
| 600 |
_aAl-Bukhari, Muhammad ibn Ismail, _9233466 |
||
| 600 |
_aআল-বুখারী, মুহাম্মদ ইবনে ঈসমাইল, _9233467 |
||
| 942 |
_2ddc _cBK |
||
| 999 |
_c41183 _d41183 |
||